ბათუმის შოთა რუსთაველის სახელმწიფო უნივერსიტეტის ბიბლიოთეკა

პოეზია1981 : [ლექსები, წერილები, თარგმანები] (ბიბ.ჩანაწერი № 49694)

000 -LEADER
fixed length control field 00748nam a2200205Ia 4500
001 - CONTROL NUMBER
control field 16628
003 - CONTROL NUMBER IDENTIFIER
control field GE_BSU
008 - FIXED-LENGTH DATA ELEMENTS--GENERAL INFORMATION
fixed length control field 181216s||||||||xx |||||||||||||| ||und||
040 ## - CATALOGING SOURCE
Transcribing agency GE_BSU
080 ## - UNIVERSAL DECIMAL CLASSIFICATION NUMBER
Universal Decimal Classification number 821.353.1-1+ 821.353.1.09-1 + 821-1
245 ## - TITLE STATEMENT
Title პოეზია1981 : [ლექსები, წერილები, თარგმანები]
245 ## - TITLE STATEMENT
Statement of responsibility, etc. შეადგინეს ტ. ჭანტურიამ და ვ. ჯავახაძემ. რედ. ჯ. ჩარკვიანი
260 ## - PUBLICATION, DISTRIBUTION, ETC.
Place of publication, distribution, etc. თბილისი
260 ## - PUBLICATION, DISTRIBUTION, ETC.
Name of publisher, distributor, etc. მერანი
260 ## - PUBLICATION, DISTRIBUTION, ETC.
Date of publication, distribution, etc. 1981
300 ## - PHYSICAL DESCRIPTION
Extent 245გვ. ; 22სმ
653 ## - INDEX TERM--UNCONTROLLED
Uncontrolled term პოეზია
653 ## - INDEX TERM--UNCONTROLLED
Uncontrolled term ქართული პოეზია
942 ## - ADDED ENTRY ELEMENTS (KOHA)
Koha item type წიგნი
ეგზემპლარები
Withdrawn status Lost status Damaged status Not for loan Date acquired Barcode Date last seen Price effective from Koha item type
        2018-12-17 41237 2018-12-17 2018-12-17 წიგნი